AN INVERSIBLE MODEL FOR HYSTERESIS CHARACTERIZATION AT CONSTANT FLUX AMPLITUDE

Bibliographic Details
Main Authors: Halbert, Damien (Author), Etien, Erik (Author), Champenois, Gérard (Author)
Format: Article
Language:English

MARC

LEADER 00000nab a2200000ua 4500
001 vtls010795161
003 SK-MaSNL
005 20260303135214.0
008 230218s2004 xo |||||||||||||||||eng|
035 |a (urnnbn)urn:nbn:sk:snk:ar-a03r1q 
035 |a (uuid)31710f74-c54c-46f3-b59a-9c643da8d6f8 
035 |a urn:nbn:sk:snk-ab5e4e 
040 |a SNKBUCL  |b slo  |c SNKBUCL  |e AACR2 
041 0 |a eng 
044 |a xo  |c SK 
100 1 |a Halbert, Damien  |4 aut  |9 1156467 
245 1 0 |a AN INVERSIBLE MODEL FOR HYSTERESIS CHARACTERIZATION AT CONSTANT FLUX AMPLITUDE  |c Damien Halbert, Erik Etien, Gérard Champenois 
700 1 |a Etien, Erik  |4 aut  |9 1156468 
700 1 |a Champenois, Gérard  |4 aut  |9 1156469 
773 0 |t Journal of electrical engineering  |g Roč. 55, č. 11-12 (2004), s. [319]-323 
958 |a OND 
958 |a EUIPO 
958 |a article3 
999 |c 1964113  |d 1966043